Famous Speeches By Word Clouds - Statistics

General Stats
  • This quiz has been taken 380 times
    214 since last reset
  • The average score is 10 of 16
Answer Stats
Picture Hint Answer % Correct
Martin Luther King Jr. | "I Have a Dream"
99%
Nelson Mandela | "I Am Prepared to Die"
92%
Winston Churchill | "We Shall Fight on the Beaches"
88%
John F. Kennedy | "We Choose the Moon"
86%
Franklin Roosevelt | "Pearl Harbor Address to the Nation"
79%
Vladimir Lenin | "Speech at an International Meeting in Berne"
79%
Jesus | "Sermon on the Mount"
76%
Ronald Reagan | "Speech on the Challenger Disaster"
69%
Malcolm X | "The Ballot or the Bullet"
62%
December 23, 1783 - Annapolis, Maryland USA George Washington | "Resignation Speech"
56%
Mohandas Gandhi | "Quit India"
56%
Abraham Lincoln | "Gettysburg Address"
55%
June 18, 1940 - Over BBC Radio Charles de Gaulle | "The Appeal of 18 June"
29%
July 4, 1939 - Yankee Stadium , New York, USA Lou Gehrig | "Farewell Speech"
23%
May 12, 1789 - British House of Commons, London, England William Wilberforce | "Abolition Speech"
8%
October 5, 1877 - Bear Paw Mountains, Montana, USA Chief Joseph | "Surrender Speech"
7%
No matching quizzes found
Score Distribution
Percent of People with Each Score
Percentile by Number Answered
Your Score History
You have not taken this quiz since the last reset